Statistics for Pac 12 Teams Quiz

Click here to take the quiz!

General Stats

  • This quiz has been taken 13,363 times
  • The average score is 20 of 24

Answer Stats

School/Team Name% Correct
Oregon
97%
UCLA
94%
Washington
94%
Arizona
93%
USC
93%
Cal
92%
Ducks
91%
Oregon State
91%
Arizona State
89%
Washington State
89%
Trojans
87%
Bruins
85%
Stanford
85%
Beavers
81%
Utah
80%
Colorado
79%
Huskies
79%
Sun Devils
79%
Wildcats
79%
Golden Bears
78%
Cardinal
74%
Utes
68%
Buffaloes
67%
Cougars
66%

Score Distribution

Percentile by Number Answered

Percent of People with Each Score

Your Score History

You have not taken this quiz